000 00329nam a2200133Ia 4500
008 240624s9999 xx 000 0 und d
041 _aeng
082 _a657.3 TOO
100 _aTOOR N S
245 _aANALYSIS OF BALANCE SHEET
260 _c2014
_aNew Delhi
_bSkylark Publication
300 _a355 : p. : cm. ; 22
365 _cRS
999 _c27828
_d27828